| 000 | 01137cam a2200253 4500 | ||
|---|---|---|---|
| 001 | ##L134281 | ||
| 008 | 060721n2006 000 0 eng u | ||
| 035 | _a(Sirsi) u134281 | ||
| 041 | 0 | _aeng | |
| 050 | 0 | 4 | _a333.33 $2 18 |
| 110 | 2 |
_aCB Richard Ellis _93675 |
|
| 245 | 0 | 0 |
_aLiving up and above _bthe price for height |
| 260 |
_aLondon _bCBRE _c2006 |
||
| 490 | _aCB Richard Ellis/Hamptons International Market View | ||
| 520 | _aReports on how developers are implementing the height premium as a pricing strategy for high rise residential developments. Some schemes have a simple per floor uplift, others have a more sophisticated pricing strategy. In London, premiums averaged 1% to 3% of unit price, but regionally premiums are lower, with schemes in Manchester and Leeds achieving a per floor premium of 1% to 2%. Graphs. | ||
| 590 | _aIKA010806 | ||
| 651 | 4 | _aLONDON | |
| 651 | 4 | _aMANCHESTER | |
| 651 | 4 | _aLEEDS | |
| 690 | _aBUILT ENVIRONMENT-BUILDING TYPES-TALL BUILDINGS | ||
| 710 | 2 |
_aHamptons International _94999 |
|
| 856 | 4 | 0 |
_uhttps://www.cbre.com/ _zView the item free of charge at www.cbre.com... |
| 942 | _n0 | ||
| 999 |
_c105633 _d105633 |
||